On the Map - Countries with the most Antipodes - Statistics

General Stats
  • This quiz has been taken 17 times
    16 since last reset
  • The average score is 6 of 15
Answers on the Map
Answers color-coded by a green-red scale on the quiz's map according to % correct below.
 
Answer Stats
Country Antopode % Correct
Brazil China
100%
Indonesia Ecuador
55%
China Argentina
45%
Argentina China
36%
Kiribati Nigeria
36%
Malaysia Ecuador
36%
New Zealand Spain
36%
Peru Vietnam
36%
Algeria Tonga
27%
Chile China
27%
Ecuador Malaysia
27%
Mali Fiji
27%
Paraguay Taiwan
27%
Philippines Brazil
27%
Vanuatu Mauritania
27%
No matching quizzes found
Score Distribution
Percent of People with Each Score
Percentile by Number Answered
Your Score History
You have not taken this quiz since the last reset